| 000 | 00838nam a2200253Ia 4500 | ||
|---|---|---|---|
| 003 | OSt | ||
| 005 | 20220926005359.0 | ||
| 006 | a|||||r|||| 00| 0 | ||
| 007 | ta | ||
| 008 | 220923b |||||||| |||| 00| 0 eng d | ||
| 020 |
_a9788183293471 _c1275 |
||
| 037 |
_b093, 08/10/2010, Om Book Distributors _cGeneral Book |
||
| 040 |
_aRTL _cRTL _beng |
||
| 041 |
_2eng _aeng |
||
| 082 | _aX62:75.2, Q0/TD | ||
| 100 |
_aTOMAR M. S. _9310164 |
||
| 245 | 0 |
_aBanking sector reforms in India _b Problems and prospects |
|
| 260 |
_a New Delhi _bShree Publishers _c2010 |
||
| 300 |
_axv, 456p Bibliography chapterwise _ccm. |
||
| 650 | _aCommerce | ||
| 700 |
_a YADAV B. S. _9310165 |
||
| 942 |
_hX62:75.2, Q0/TD _cGB _2CC |
||
| 999 |
_c613623 _d613623 |
||